000 00338 a2200157 4500
001 163965
020 _a85-89020-03-7
040 _cMagnum
100 _aNunes, Lygia Bojunga
240 1 0 _aA bolsa amarela
_lpor
245 1 0 _aA bolsa amarela
300 _a135
362 0 _a2013
697 _aLITERATURA INFANTO-JUVENIL
942 _cBK
999 _c163965
_d163965